书目信息 |
| 题名: |
献身者
|
|
| 作者: | 周浩晖, 著 | |
| 分册: | ||
| 出版信息: | 北京 作家出版社 2015.8 |
|
| 页数: | 243页 | |
| 开本: | 21cm | |
| 丛书名: | 悬疑世界文库 | |
| 单 册: | ||
| 中图分类: | I247.56 | |
| 科图分类: | ||
| 主题词: | 长篇小说--chang pian xiao shuo--中国--当代 | |
| 电子资源: | ||
| ISBN: | 978-7-5063-7866-6 | |
| 000 | 01150nam 2200277 450 | |
| 001 | 0100004226 | |
| 005 | 20151226085914.9 | |
| 010 | @a978-7-5063-7866-6@dCNY30.00 | |
| 100 | @a20150813d2015 em y0chiy0121 ea | |
| 101 | 0 | @achi |
| 102 | @aCN@b110000 | |
| 105 | @ay z 000ay | |
| 106 | @ar | |
| 200 | 1 | @a献身者@Axian shen zhe@f周浩晖著 |
| 210 | @a北京@c作家出版社@d2015.8 | |
| 215 | @a243页@d21cm | |
| 225 | 2 | @a悬疑世界文库@Axuan yi shi jie wen ku@i短悬疑@v02 |
| 308 | @a本书为悬疑世界文库第017种 | |
| 314 | @a周浩晖: 1977年出生于江苏省扬州市。清华大学环境科学与工程系硕士毕业, 著名推理悬疑小说作家。 | |
| 330 | @a到地下赌场卧底的我, 遇到了同样来卧底的彭辉。彭辉设计抢了赌徒十五万现金, 然而这十五万巨款不日便出现在慈善捐款名单中。他布局出一个意想不到、却又滴水不漏的骗局。他看似玩弄每个人于股掌中, 却又刻意安排, 步步惊心。直到最终, 我才发现, 原来他这样做, 竟是为了一个意想不到的缘由。 | |
| 410 | 0 | @12001 @a悬疑世界文库@i短悬疑@v02 |
| 606 | 0 | @a长篇小说@Achang pian xiao shuo@y中国@z当代 |
| 690 | @aI247.56@v5 | |
| 701 | 0 | @a周浩晖,@Azhou hao hui@f1977-@4著 |
| 801 | 0 | @aCN@c20160515 |
| 905 | @a河南城建学院图书馆@dI247.56@eZ762 | |
| 献身者/周浩晖著.-北京:作家出版社,2015.8 |
| 243页;21cm.-(悬疑世界文库.短悬疑;02) |
| ISBN 978-7-5063-7866-6:CNY30.00 |
| 到地下赌场卧底的我, 遇到了同样来卧底的彭辉。彭辉设计抢了赌徒十五万现金, 然而这十五万巨款不日便出现在慈善捐款名单中。他布局出一个意想不到、却又滴水不漏的骗局。他看似玩弄每个人于股掌中, 却又刻意安排, 步步惊心。直到最终, 我才发现, 原来他这样做, 竟是为了一个意想不到的缘由。 |
| ● |
| 相关链接 |
|
|
|
正题名:献身者
索取号:I247.56/Z762
 
预约/预借
| 序号 | 登录号 | 条形码 | 馆藏地/架位号 | 状态 | 备注 |
| 1 | 1252106 | 212521065 | 文学库108/108文学库 46排2列3层/ [索取号:I247.56/Z762] | 在馆 | |
| 2 | 1252107 | 212521074 | 自科二线404/108文学库 46排2列4层/ [索取号:I247.56/Z762] | 在馆 | |
| 3 | 1252108 | 212521083 | 文学库108/108文学库 46排2列3层/ [索取号:I247.56/Z762] | 在馆 |